000 00363nam a2200145Ia 4500
008 150201s2003 xx 000 0 und d
082 _a612
_bP2003T
100 _aTORTORA
245 _aPRINCIPLES OF ANATOMY & PHYSIOLOGY
250 _a10TH
260 _bWILEY BLACKWELL PUBLISHING
_aU.S.A
_c2003
300 _a1-1104
650 _aPHYSIOLOGY
942 _2ddc
_cBK
_01
999 _c2617
_d2617